00580nam a2200169 a 450000100100000000500170001000800410002704000250006808200190009310000250011224500360013726000460017330000280021950400290024795201170027699900170039300004435420201002045320.0140624s2003 bl a 000 0 spa d aDO-SdBNPbspacBNPHU axxxxxxbxxxxxx1 aVon, Cristina97236410aCultura de paz /cCristina Von. aSao Paulo :bPeirópolisbUNESCO,c2003. a149 p. :bil. ;c24 cm. aBibliografías : p. 145 001050718MOaGRbGRcHDd2014-06-24iLF1l0oxxxxxx xxxxxxp44354-10r2020-06-25w2020-06-25y1ZNo se presta c43843d43843